| 000 | 00956nam a22003017a 4500 | ||
|---|---|---|---|
| 003 | CHAP | ||
| 005 | 20220329134904.0 | ||
| 008 | 971013s1982 r 00010 d | ||
| 010 | _a27577 | ||
| 011 | _a28549 | ||
| 035 | _a32654 | ||
| 040 | _cCHAP | ||
| 090 | _aFolleto 9585 | ||
| 110 |
_aINIA. México. Campo Agrícola Experimental La Laguna _958495 |
||
| 245 | _aHortalizas para la Comarca Lagunera | ||
| 260 |
_aMatamoros, Coah. : _bEl Instituto, _c1982 |
||
| 300 | _aHoja desplegable | ||
| 490 |
_aDesplegable AELALA _v; 8 |
||
| 590 |
_aBATCH-UPD _b10 _c20130110 _lUCH01 _h0122 |
||
| 590 |
_aBATCH-UPD _b10 _c20130110 _lUCH01 _h2309 |
||
| 590 |
_aCONVERSION _b10 _c20130109 _lUCH01 _h1316 |
||
| 650 | 1 | 4 |
_aLegumbres _xComarca Lagunera. _965693 |
| 830 | 0 |
_aDesplegable AELALA _v; 8 _932178 |
|
| 901 | _aBK | ||
| 942 | _cFOLL | ||
| 949 |
_aFolleto 9585 _bBC _cFOLL _d-76034 _eTS1 _i32654 _si |
||
| 949 |
_aFolleto 9585 _bBC _cFOLL _d-76035 _eTS2 _fc.2 _i32654 _si |
||
| 999 |
_c27577 _d27577 |
||